| 000 | 00821nas a2200289 4500 | ||
|---|---|---|---|
| 001 | BR0302062 | ||
| 003 | BR-BrBNA | ||
| 005 | 20231205103728.0 | ||
| 007 | ta | ||
| 008 | 230509b bl.|||p| |||| 00| 00por d | ||
| 040 |
_aBR-BrBNA _bpor _cBiblioteca Nacional de Agricultura |
||
| 041 | _a(Pt) | ||
| 072 | _aE14; K10 | ||
| 100 | 1 | _aOliveira, F. de | |
| 100 | 1 | _aVolpi, N.M.P. | |
| 100 | 1 | _aSanquetta, C.R. | |
| 245 | 1 | _aAplicação de goal programming em um problema florestal | |
| 650 | _aPLANEJAMENTO FLORESTAL | ||
| 650 | _aPROGRAMAÇÃO LINEAR | ||
| 650 | _aCORTE | ||
| 650 | _aMADEIRA | ||
| 650 | _aMATE | ||
| 650 | _aCHIMARRÃO | ||
| 773 | 0 |
_tCiência Florestal (Brazil) _xISSN 0103-9954 _g(Dec 2002), v. 12(2) p. 89-98 _wBR0302062 |
|
| 909 |
_a202311 _bLúcia _c55 _dLúcia Elande |
||
| 942 |
_2AGRIS _n0 _cANA |
||
| 999 |
_c174416 _d174416 |
||